000 01158cas a2200313 i 4500
001 000016175
003 DO-SdBNP
005 20260317133558.0
007 ta
008 100226c1910 dr mr p|r || |0spa d
040 _aDO-SdBNP
_cspa
_bDO-SdBNP
_erda
041 _hspa
043 _anwdr---
110 _aAteneo Dominicano
_981190
245 0 0 _aAteneo :
_brevista mensual del Ateneo dominicano.
264 _aSanto Domingo, República Dominicana :
_bAteneo Dominicano,
_c1910.
300 _avolumen :
_bilustraciones ;
_c27 cm.
310 _aMensual.
336 _atexto
_btxt
_2rdacontent
337 _asin mediación
_bn
_2rdacarrier
338 _avolumen
_bnc
_2rdacarrier
362 0 _aAño 1. Nos. 2 y 3 (abril de 1910).
500 _aCatalogación basada en el número: Año 1. Nos. 2 y 3 (abril de 1910).
500 _aDirector: Federico Henríquez y Carvajal.
650 0 _aAcademias, sociedades doctas, etc
_vPublicaciones periódicas
_989061
_zRepública Dominicana
650 0 _aCultura
_vPublicaciones periódicas
_zRepública Dominicana
_989224
700 _aHenríquez y Carvajal, Federico
_989062
_edirector
942 _2ddc
_cISSUE
999 _c15715
_d15715